|
|
|
|
| LEADER |
00724nam a22002051a 4500 |
| 020 |
|
|
|c 0.00
|
| 040 |
|
|
|a SSUS - Library - Kalady
|
| 082 |
|
|
|a MSVY 491.25
|b SAR/N
|
| 100 |
|
|
|a Sarada A
|
| 245 |
|
|
|a Niruktha vyuthpathi vichar
|h [M.Phil Dissertation]
|
| 260 |
|
|
|a Kalady
|b Sree Sankaracharya University of Sanskrit
|c 2003
|
| 300 |
|
|
|a 104p.
|
| 600 |
|
|
|a Grammar Sanskrit
|
| 600 |
|
|
|a Language
|
| 600 |
|
|
|a Linguistics
|
| 600 |
|
|
|a Sanskrit Vyakarana Mphil thesis
|
| 852 |
|
|
|k Reference
|h MSVY 491.25
|i SAR/N
|p T386
|9 0.00
|t 0
|
| 942 |
|
|
|c MPHD
|
| 999 |
|
|
|c 31564
|d 31564
|
| 952 |
|
|
|0 0
|1 0
|2 ddc
|4 0
|6 R_MSVY_491_250000000000000_SAR_N
|7 0
|9 45597
|a SSUS
|b SSUS
|c REF
|d 2015-01-08
|g 0.00
|o R MSVY 491.25 SAR/N
|p T0178
|r 2015-01-08
|v 0.00
|w 2015-01-08
|y MPHD
|